000 00303 a2200145 4500
001 162503
020 _a
040 _cMagnum
100 _aRegina, Tia.
240 1 0 _aO paraiso dos insetos
_lpor
245 1 0 _aO paraiso dos insetos
362 0 _a1899
697 _aIJ/LENDAS, FOLCLORE
942 _cBK
999 _c162503
_d162503